000 00846cam a22002652 4500
001 0000001546
005 20151217155201.0
008 070315s xx 000 0 eng d
020 _a0767910346 :
040 _aKABU
_cKABU
050 0 _aDT1974
_b.D85
100 1 _aDuke, Lynne.
_@0000159516
245 1 0 _aMandela, Mobutu and me :
_ba newswoman's African journey. /
_cLynne Duke.
250 _a ed.
260 _aNew York :
_bHarlem Moon,
_c2003.
300 _ax, 294 p.
651 0 _aSouth Africa
_xPolitics and government.
_@0000159517
651 0 _aCongo (Democratic Republic)
_xPolitics and government.
_@0000159518
700 1 _aMandela, Nelson.
_@0000148774
700 1 _aMobutu Seseseko.
_@0000159519
700 1 _aDuke, Lynne.
_@0000159516
908 _a070315
950 _@1
999 _c11845
_d11845